Shikast. (Record no. 63508)

MARC details
000 -LEADER
fixed length control field 00446cam a22001931 4500
001 - CONTROL NUMBER
control field sa 65004059
003 - CONTROL NUMBER IDENTIFIER
control field DLC
005 - DATE AND TIME OF LATEST TRANSACTION
control field 20260227112127.0
008 - FIXED-LENGTH DATA ELEMENTS--GENERAL INFORMATION
fixed length control field 070612q19401949pk 000 0 urd
010 ## - LIBRARY OF CONGRESS CONTROL NUMBER
LC control number sa 65004059
040 ## - CATALOGING SOURCE
Original cataloging agency DLC
Transcribing agency DLC
Modifying agency DLC
050 00 - LIBRARY OF CONGRESS CALL NUMBER
Classification number PK2200.C5
Item number S5
100 1# - MAIN ENTRY--PERSONAL NAME
Personal name Chandar, Krishan.
245 10 - TITLE STATEMENT
Title Shikast.
260 ## - PUBLICATION, DISTRIBUTION, ETC.
Date of publication, distribution, etc. 194-?
300 ## - PHYSICAL DESCRIPTION
Extent 276 p.
Dimensions 19 cm.
500 ## - GENERAL NOTE
General note In Urdu.
500 ## - GENERAL NOTE
General note Text partially vocalized.

No items available.

Powered by Koha